000
00267 a2200085 4500
082
_a
620.13619 ACI
245
_a
ACI Manual of Concrete Practice 2005 /
_c
ACI codes
260
_a
Farmington Hills :
_c
American Concrete Institute,
_b
2005
300
_a
various pages :
_b
ill. ;
_c
25cm
650
_a
ACI manual
999
_c
1924
_d
1924